[Event "Aktobe Dvorkovich op"]
[Site "Aktobe"]
[Date "2022.06.15"]
[Round "2"]
[White "Petrovsky, Nikita"]
[Black "Makhnev, Denis"]
[Result "1-0"]
[WhiteElo "2001"]
[BlackElo "2505"]
[PlyCount "93"]
[EventDate "2022.06.14"]
[EventType "swiss"]
[EventRounds "9"]
[EventCountry "KAZ"]
[SourceTitle "CBM 208 Extra"]
[Source "ChessBase"]
[SourceDate "2022.07.31"]
[SourceVersion "1"]
[SourceVersionDate "2022.07.31"]
[SourceQuality "1"]

1. e4 c6 2. d4 d5 3. Nd2 dxe4 4. Nxe4 Nf6 5. Nxf6+ exf6 6. c3 Bd6 7. Bd3 Nd7 8. Qc2 h5 9. Ne2 Kf8 10. Be3 Nb6 11. c4 Bb4+ 12. Nc3 Be6 13. a3 Be7 14. b3 g6 15. 0-0 f5 16. a4 a5 17. Rad1 Bf6 18. d5 cxd5 19. Nxd5 Bxd5 20. cxd5 Kg7 21. Bb5 Qd6 22. Bxb6 Qxb6 23. d6 Rac8 24. Qd2 Rc3 25. Bc4 h4 26. Qd5 Rf8 27. h3 Rc2 28. Rd2 Rxd2 29. Qxd2 Be5 30. Rd1 Rd8 31. d7 f6 32. Bb5 Qe6 33. Qxa5 b6 34. Qb4 g5 35. Qc4 Qe7 36. Qd3 Kg6 37. Qf3 Qe6 38. Qd5 Qe7 39. Bd3 Qb4 40. Qf3 Bf4 41. Qd5 Be5 42. Qf3 Bf4 43. g3 hxg3 44. fxg3 Qc5+ 45. Kg2 Bb8 46. Rf1 Kg7 47. Qxf5 1-0

[Event "Cheliabinsk Panchenko Memorial op-A"]
[Site "Cheliabinsk"]
[Date "2021.09.21"]
[Round "10"]
[White "Bugaev, Anton"]
[Black "Petrovsky, Nikita"]
[Result "1/2-1/2"]
[WhiteElo "1889"]
[BlackElo "1967"]
[PlyCount "81"]
[EventDate "2021.09.13"]
[EventType "swiss"]
[EventRounds "10"]
[EventCountry "RUS"]
[SourceTitle "CBM 204 Extra"]
[Source "ChessBase"]
[SourceDate "2021.11.30"]
[SourceVersion "1"]
[SourceVersionDate "2021.11.30"]
[SourceQuality "1"]

1. d4 d5 2. c4 e6 3. Nf3 Nf6 4. g3 dxc4 5. Bg2 a6 6. Ne5 Bb4+ 7. Nc3 Nd5 8. Bd2 Nb6 9. e3 N8d7 10. Nxd7 Qxd7 11. Ne4 Be7 12. Qc2 Rb8 13. Nc5 Qd8 14. 0-0 Nd7 15. Rfd1 b5 16. b3 cxb3 17. axb3 0-0 18. Nxa6 Bxa6 19. Rxa6 b4 20. Rc6 Bd6 21. e4 e5 22. Be3 Qe7 23. f4 f6 24. Bh3 Rbd8 25. Qc4+ Kh8 26. Qe6 Qxe6 27. Bxe6 exd4 28. Rxd4 Rfe8 29. Bxd7 Rxd7 30. e5 fxe5 31. fxe5 Rxe5 32. Bf4 Rc5 33. Ra6 h6 34. Bxd6 cxd6 35. Rxb4 Rc2 36. Rc4 Rb2 37. Rac6 d5 38. Rc2 Rxb3 39. Rd2 d4 40. Rc4 d3 41. Kf2 1/2-1/2

[Event "Cheliabinsk Panchenko Memorial op-A"]
[Site "Cheliabinsk"]
[Date "2021.09.18"]
[Round "6"]
[White "Borisenko, Viacheslav"]
[Black "Petrovsky, Nikita"]
[Result "1-0"]
[WhiteElo "2268"]
[BlackElo "1967"]
[PlyCount "101"]
[EventDate "2021.09.13"]
[EventType "swiss"]
[EventRounds "10"]
[EventCountry "RUS"]
[SourceTitle "CBM 204 Extra"]
[Source "ChessBase"]
[SourceDate "2021.11.30"]
[SourceVersion "1"]
[SourceVersionDate "2021.11.30"]
[SourceQuality "1"]

1. e4 c5 2. Nf3 Nc6 3. Bb5 g6 4. 0-0 Bg7 5. Re1 e5 6. c3 Nge7 7. d3 0-0 8. Be3 d6 9. h3 Qc7 10. Ba4 Rb8 11. Bc2 b5 12. a4 a6 13. axb5 axb5 14. Qc1 b4 15. Nbd2 h6 16. Ba4 f5 17. exf5 gxf5 18. Nf1 f4 19. Bd2 d5 20. N1h2 bxc3 21. bxc3 Qd6 22. Kh1 Kh8 23. Qa3 Bf5 24. d4 exd4 25. cxd4 Nxd4 26. Bc3 Nxf3 27. Bxg7+ Kxg7 28. Nxf3 Ng6 29. Nd4 Rb4 30. Nxf5+ Rxf5 31. Bc2 Rf7 32. Bxg6 Qxg6 33. Qc3+ Qf6 34. Qxc5 Rb2 35. Ra7 Rxa7 36. Qxa7+ Kg6 37. Qd7 Rb6 38. Qxd5 Rd6 39. Qg8+ Qg7 40. Re6+ Rxe6 41. Qxe6+ Qf6 42. Qxf6+ Kxf6 43. Kg1 h5 44. Kf1 Ke5 45. Ke2 Ke4 46. g3 f3+ 47. Kd2 Kd4 48. h4 Ke4 49. Kc3 Kf5 50. Kd3 Kg4 51. Ke3 1-0

[Event "Cheliabinsk Panchenko Memorial op-A"]
[Site "Cheliabinsk"]
[Date "2021.09.15"]
[Round "3"]
[White "Agmanov, Zhandos"]
[Black "Petrovsky, Nikita"]
[Result "1-0"]
[WhiteElo "2425"]
[BlackElo "1967"]
[PlyCount "113"]
[EventDate "2021.09.13"]
[EventType "swiss"]
[EventRounds "10"]
[EventCountry "RUS"]
[SourceTitle "CBM 204 Extra"]
[Source "ChessBase"]
[SourceDate "2021.11.30"]
[SourceVersion "1"]
[SourceVersionDate "2021.11.30"]
[SourceQuality "1"]

1. e4 c5 2. Nf3 Nc6 3. d4 cxd4 4. Nxd4 Nf6 5. Nc3 d6 6. Bg5 e6 7. Qd3 a6 8. Nxc6 bxc6 9. 0-0-0 Bd7 10. e5 dxe5 11. Ne4 Be7 12. Nd6+ Kf8 13. Bxf6 gxf6 14. Nc4 Ra7 15. Qe3 Rb7 16. Qh6+ Ke8 17. Qg7 Rf8 18. Qxh7 Qb8 19. Qd3 c5 20. h4 Bb5 21. Qf3 Rg8 22. Na5 Rb6 23. Bc4 f5 24. h5 Rh8 25. Kb1 Rh6 26. Qe3 f4 27. Qe4 Kf8 28. g4 Be8 29. Bb3 Qc7 30. Qe2 Bb5 31. Nc4 Bxc4 32. Qxc4 Rb4 33. Qxa6 c4 34. c3 cxb3 35. cxb4 Qc2+ 36. Ka1 Qxf2 37. b5 e4 38. Qc8+ Kg7 39. Qc3+ Bf6 40. Qxb3 Qb6 41. Qc4 Rh8 42. h6+ Rxh6 43. Rxh6 Kxh6 44. Qxe4 Qf2 45. Qb4 f3 46. b6 Kg7 47. b7 Qe2 48. Rb1 f2 49. b8Q f1Q 50. Q8f8+ Kg6 51. Qg8+ Bg7 52. Qe4+ Qxe4 53. Rxf1 Qg2 54. Qxf7+ Kh7 55. Qh5+ Kg8 56. Qf7+ Kh8 57. Qf2 1-0

[Event "Moscow op-A 17th"]
[Site "Moscow"]
[Date "2021.02.28"]
[Round "9"]
[White "Petrovsky, Nikita"]
[Black "Zulpikarov, Ruslan"]
[Result "1-0"]
[WhiteElo "2006"]
[BlackElo "1647"]
[PlyCount "71"]
[EventDate "2021.02.20"]
[EventType "swiss"]
[EventRounds "9"]
[EventCountry "RUS"]
[SourceTitle "EXT 2022"]
[Source "ChessBase"]
[SourceDate "2021.10.06"]
[SourceVersion "1"]
[SourceVersionDate "2021.10.06"]
[SourceQuality "1"]

1. e4 e5 2. Nf3 Nc6 3. Bb5 a6 4. Ba4 d6 5. c3 Nf6 6. 0-0 Bg4 7. Re1 b5 8. Bc2 Be7 9. d3 0-0 10. Nbd2 Re8 11. Nf1 Bf8 12. h3 Bxf3 13. Qxf3 g6 14. Bg5 Bg7 15. Ne3 h6 16. Bh4 g5 17. Bg3 Ne7 18. Rad1 Ng6 19. Nf5 Ne7 20. Nxh6+ Bxh6 21. Qxf6 Ng6 22. Qf3 Re6 23. d4 Qe7 24. Bb3 Rf6 25. Qg4 Rd8 26. h4 Nxh4 27. dxe5 dxe5 28. Rxd8+ Qxd8 29. Bxh4 Rf4 30. Qh5 Rxh4 31. Qxf7+ Kh8 32. g3 Rh3 33. Be6 g4 34. Bxg4 Bd2 35. Rd1 Rh7 36. Rxd2 1-0

[Event "Moscow op-A 17th"]
[Site "Moscow"]
[Date "2021.02.26"]
[Round "7"]
[White "Novozhilov, Semen"]
[Black "Petrovsky, Nikita"]
[Result "1-0"]
[WhiteElo "1788"]
[BlackElo "2006"]
[PlyCount "107"]
[EventDate "2021.02.20"]
[EventType "swiss"]
[EventRounds "9"]
[EventCountry "RUS"]
[SourceTitle "CBM 200 Extra"]
[Source "ChessBase"]
[SourceDate "2021.03.31"]
[SourceVersion "1"]
[SourceVersionDate "2021.03.31"]
[SourceQuality "1"]

1. d4 d5 2. c4 e6 3. Nf3 Nf6 4. g3 dxc4 5. Bg2 a6 6. a4 Nbd7 7. 0-0 Rb8 8. Ne5 Nxe5 9. dxe5 Qxd1 10. Rxd1 Nd7 11. Bf4 Nc5 12. Nd2 Bd7 13. Rdc1 b5 14. axb5 axb5 15. Ra7 Na4 16. b3 Ba3 17. Rc2 Bc5 18. Rxc7 cxb3 19. R2xc5 Nxc5 20. Rxc5 0-0 21. Nxb3 b4 22. Rc1 Rfc8 23. Nc5 Bc6 24. Na6 Rb6 25. Nxb4 Rxb4 26. Bxc6 Rb6 27. Be4 Rxc1+ 28. Bxc1 Rb5 29. f4 g6 30. Kf2 Kg7 31. Be3 Rb4 32. Bf3 Rc4 33. g4 h6 34. h4 Ra4 35. Bd2 Rc4 36. Ke3 Ra4 37. Bc3 Ra3 38. Kd3 Ra4 39. Bd4 Kh7 40. h5 gxh5 41. gxh5 Rb4 42. Be4+ Kg7 43. f5 Rb3+ 44. Kd2 Rb5 45. Kc3 Ra5 46. Kb4 Ra2 47. f6+ Kg8 48. Bf3 Rc2 49. Kb3 Rc1 50. Be3 Rb1+ 51. Kc4 Ra1 52. Bxh6 Ra5 53. Bg7 Rxe5 54. h6 1-0

[Event "Moscow op-A 17th"]
[Site "Moscow"]
[Date "2021.02.25"]
[Round "6"]
[White "Petrovsky, Nikita"]
[Black "Medzinovskiy, Petr"]
[Result "0-1"]
[WhiteElo "2006"]
[BlackElo "2179"]
[PlyCount "78"]
[EventDate "2021.02.20"]
[EventType "swiss"]
[EventRounds "9"]
[EventCountry "RUS"]
[SourceTitle "CBM 200 Extra"]
[Source "ChessBase"]
[SourceDate "2021.03.31"]
[SourceVersion "1"]
[SourceVersionDate "2021.03.31"]
[SourceQuality "1"]

1. e4 e5 2. Nf3 Nc6 3. Bb5 a6 4. Ba4 d6 5. c3 f5 6. exf5 Bxf5 7. 0-0 Bd3 8. Re1 Be7 9. Re3 e4 10. Nd4 Qd7 11. Nxc6 bxc6 12. Bc2 Bxc2 13. Qxc2 Nf6 14. d3 exd3 15. Qxd3 0-0 16. Rh3 Qe6 17. Be3 Rab8 18. b3 Qe4 19. Qe2 Nd5 20. Nd2 Nxc3 21. Qxa6 Qd5 22. Qf1 Bf6 23. Kh1 Ra8 24. a4 Rfb8 25. Re1 Rb4 26. Rc1 c5 27. Nc4 Rxb3 28. Bd2 Rxa4 29. Qe1 Kf7 30. Ne3 Qe5 31. Rxh7 c6 32. h3 Na2 33. Rd1 Kg8 34. Rh5 Qxh5 35. Ng4 Rxh3+ 36. gxh3 Qxh3+ 37. Nh2 Rh4 38. Qe8+ Kh7 39. Bf4 Qf3+ 0-1

[Event "Moscow op-A 17th"]
[Site "Moscow"]
[Date "2021.02.23"]
[Round "4"]
[White "Petrovsky, Nikita"]
[Black "Voinikonis, Nikita"]
[Result "1-0"]
[WhiteElo "2006"]
[BlackElo "2208"]
[PlyCount "65"]
[EventDate "2021.02.20"]
[EventType "swiss"]
[EventRounds "9"]
[EventCountry "RUS"]
[SourceTitle "CBM 200 Extra"]
[Source "ChessBase"]
[SourceDate "2021.03.31"]
[SourceVersion "1"]
[SourceVersionDate "2021.03.31"]
[SourceQuality "1"]

1. e4 e6 2. d4 b6 3. Bd3 Bb7 4. Nf3 c5 5. c3 Nf6 6. Qe2 d5 7. e5 Ne4 8. Nbd2 Nxd2 9. Bxd2 Be7 10. 0-0 a5 11. Ne1 Ba6 12. Qg4 g6 13. Bh6 Bxd3 14. Nxd3 Nc6 15. Rfc1 a4 16. b3 Qd7 17. h3 Na5 18. Nb2 a3 19. Nd1 c4 20. bxc4 Nxc4 21. Ne3 Qb5 22. Rab1 Nxe3 23. fxe3 Qc4 24. Rxb6 Qxa2 25. Rf1 Qc4 26. Qf3 a2 27. Qxf7+ Kd8 28. Ra1 Qxc3 29. Rxa2 Rxa2 30. Rb8+ Kd7 31. Rxh8 Qe1+ 32. Kh2 Kc6 33. Qxe6+ 1-0

[Event "Moscow op-A 16th"]
[Site "Moscow"]
[Date "2020.02.02"]
[Round "9"]
[White "Petrovsky, Nikita"]
[Black "Kyshtymov, Daniil"]
[Result "1-0"]
[WhiteElo "1912"]
[BlackElo "2199"]
[PlyCount "81"]
[EventDate "2020.01.25"]
[EventType "swiss"]
[EventRounds "9"]
[EventCountry "RUS"]
[SourceTitle "CBM 194 Extra"]
[Source "ChessBase"]
[SourceDate "2020.03.31"]
[SourceVersion "1"]
[SourceVersionDate "2020.03.31"]
[SourceQuality "1"]

1. e4 e6 2. d4 d5 3. Nd2 Nf6 4. e5 Nfd7 5. Bd3 c5 6. c3 Nc6 7. Ne2 Qb6 8. Nf3 cxd4 9. cxd4 f6 10. exf6 Nxf6 11. 0-0 Bd6 12. Nc3 0-0 13. Be3 Bd7 14. h3 Rac8 15. Qd2 a6 16. Rac1 Nh5 17. Qc2 h6 18. Qe2 Nf4 19. Bxf4 Bxf4 20. Rcd1 Qd8 21. Bb1 Qf6 22. Rfe1 Bd6 23. Qd3 Nb4 24. Qh7+ Kf7 25. Ne5+ Bxe5 26. dxe5 Qg5 27. f4 Qg3 28. Ne4 dxe4 29. Rxd7+ Ke8 30. Red1 Qe3+ 31. Kh1 Nd5 32. Rd6 Qxf4 33. Qg6+ Qf7 34. Rxe6+ Ne7 35. Rxe7+ Kxe7 36. Qd6+ Ke8 37. Bxe4 Qe7 38. Bg6+ Rf7 39. Rf1 Rd8 40. Bxf7+ Qxf7 41. Qxd8+ 1-0

[Event "Moscow op-A 16th"]
[Site "Moscow"]
[Date "2020.02.01"]
[Round "8"]
[White "Razhbadinov, Rasul"]
[Black "Petrovsky, Nikita"]
[Result "0-1"]
[WhiteElo "1613"]
[BlackElo "1912"]
[PlyCount "74"]
[EventDate "2020.01.25"]
[EventType "swiss"]
[EventRounds "9"]
[EventCountry "RUS"]
[SourceTitle "CBM 194 Extra"]
[Source "ChessBase"]
[SourceDate "2020.03.31"]
[SourceVersion "1"]
[SourceVersionDate "2020.03.31"]
[SourceQuality "1"]

1. e4 c5 2. Nf3 Nc6 3. d4 cxd4 4. Nxd4 g6 5. Nc3 Bg7 6. Nde2 Nf6 7. g3 b5 8. Bg2 Rb8 9. a3 0-0 10. 0-0 d6 11. h3 Bd7 12. Be3 a5 13. Rb1 b4 14. Nd5 bxa3 15. bxa3 Nxd5 16. exd5 Ne5 17. Bd4 Qc7 18. Re1 Ba4 19. Nc3 Rxb1 20. Qxb1 Bd7 21. Kh1 Qc8 22. g4 Qc4 23. Qb6 Bxg4 24. hxg4 Nd7 25. Qc6 Qxd4 26. Qxd7 Qxf2 27. Qxe7 Bxc3 28. Rf1 Qc5 29. Rf3 Be5 30. c3 Qxa3 31. Bf1 Qc1 32. Qh4 a4 33. Kg2 a3 34. Rh3 h6 35. Bc4 Qd2+ 36. Qf2 Qg5 37. Qe2 Rb8 0-1

[Event "Moscow op-A 16th"]
[Site "Moscow"]
[Date "2020.01.28"]
[Round "4"]
[White "Petrovsky, Nikita"]
[Black "Shimelkov, Vasiliy"]
[Result "1/2-1/2"]
[WhiteElo "1912"]
[BlackElo "2182"]
[PlyCount "84"]
[EventDate "2020.01.25"]
[EventType "swiss"]
[EventRounds "9"]
[EventCountry "RUS"]
[SourceTitle "CBM 194 Extra"]
[Source "ChessBase"]
[SourceDate "2020.03.31"]
[SourceVersion "1"]
[SourceVersionDate "2020.03.31"]
[SourceQuality "1"]

1. e4 c5 2. Nf3 Nc6 3. d4 cxd4 4. Nxd4 Nf6 5. Nc3 e6 6. Ndb5 d6 7. Bf4 e5 8. Bg5 a6 9. Na3 b5 10. Bxf6 gxf6 11. Nd5 f5 12. Bd3 Be6 13. 0-0 Bg7 14. c4 fxe4 15. Bxe4 0-0 16. cxb5 axb5 17. Nc2 Nd4 18. Nxd4 exd4 19. Qh5 h6 20. Nf4 Rb8 21. Nxe6 fxe6 22. f4 Qf6 23. Bd3 Qe7 24. Rae1 Rf6 25. g4 Qf7 26. Qxf7+ Kxf7 27. h4 e5 28. f5 Ke7 29. g5 hxg5 30. hxg5 Rff8 31. f6+ Bxf6 32. gxf6+ Rxf6 33. Rxf6 Kxf6 34. Kf2 d5 35. Rh1 e4 36. Bb1 Re8 37. Ke2 Rg8 38. Kf2 Rc8 39. a3 b4 40. Rh6+ Ke5 41. Rh5+ Kd6 42. axb4 Rb8 1/2-1/2

[Event "Moscow op-A 16th"]
[Site "Moscow"]
[Date "2020.01.26"]
[Round "2"]
[White "Sharikov, Alexander"]
[Black "Petrovsky, Nikita"]
[Result "1-0"]
[WhiteElo "2175"]
[BlackElo "1912"]
[PlyCount "37"]
[EventDate "2020.01.25"]
[EventType "swiss"]
[EventRounds "9"]
[EventCountry "RUS"]
[SourceTitle "CBM 194 Extra"]
[Source "ChessBase"]
[SourceDate "2020.03.31"]
[SourceVersion "1"]
[SourceVersionDate "2020.03.31"]
[SourceQuality "1"]

1. e4 c5 2. a3 g6 3. h4 h5 4. Bc4 e6 5. Nc3 Nc6 6. Nf3 Bg7 7. b4 cxb4 8. axb4 Nxb4 9. Ba3 Nc6 10. Nb5 Nge7 11. Bd6 0-0 12. Bc7 Bxa1 13. Bxd8 Rxd8 14. Qxa1 d5 15. Bd3 b6 16. Qf6 Bb7 17. Ng5 Rf8 18. Nd6 dxe4 19. Ndxf7 1-0

[Event "Samara Polugaevsky Memorial 9th"]
[Site "Samara"]
[Date "2019.07.10"]
[Round "1"]
[White "Petrovsky, Nikita"]
[Black "Gabrielian, Artur"]
[Result "0-1"]
[WhiteElo "1896"]
[BlackElo "2458"]
[PlyCount "59"]
[EventDate "2019.07.10"]
[EventType "swiss"]
[EventRounds "9"]
[EventCountry "RUS"]
[SourceTitle "EXT 2020"]
[Source "ChessBase"]
[SourceDate "2019.10.17"]
[SourceVersion "1"]
[SourceVersionDate "2019.10.17"]
[SourceQuality "1"]

1. d4 Nf6 2. c4 e6 3. Nf3 b6 4. Bf4 Bb7 5. h3 Bb4+ 6. Nbd2 c5 7. e3 cxd4 8. exd4 d5 9. Be2 dxc4 10. 0-0 b5 11. a4 a6 12. axb5 axb5 13. Rxa8 Bxa8 14. b3 c3 15. Bxb5+ Bc6 16. Bxc6+ Nxc6 17. Nc4 Nd5 18. Bg3 0-0 19. Nfe5 Nxe5 20. Bxe5 Qg5 21. f4 Qg6 22. Qe2 Rd8 23. f5 exf5 24. Ne3 Nxe3 25. Qxe3 Qe6 26. g4 f6 27. gxf5 Qd5 28. Bf4 Qxd4 29. Kh1 Qd5+ 30. Kh2 0-1

[Event "RUS-chT U14 final"]
[Site "Sochi"]
[Date "2019.05.10"]
[Round "9.3"]
[White "Petrovsky, Nikita"]
[Black "Putrenko, Kirill"]
[Result "0-1"]
[WhiteElo "1768"]
[BlackElo "1989"]
[PlyCount "72"]
[EventDate "2019.05.01"]
[EventType "team-tourn"]
[EventRounds "9"]
[EventCountry "RUS"]
[SourceTitle "CBM 190 Extra"]
[Source "ChessBase"]
[SourceDate "2019.07.15"]
[SourceVersion "1"]
[SourceVersionDate "2019.07.15"]
[SourceQuality "1"]

1. e4 c5 2. Nf3 d6 3. d4 cxd4 4. Nxd4 Nf6 5. Nc3 a6 6. Be3 e6 7. Qe2 b5 8. a3 Bb7 9. f3 Nbd7 10. Qf2 Rc8 11. g4 h6 12. Qd2 d5 13. exd5 Nxd5 14. Nxd5 Bxd5 15. Be2 Ne5 16. 0-0-0 Qc7 17. Rhg1 Nc4 18. Bxc4 Qxc4 19. c3 a5 20. Qd3 b4 21. Qxc4 Rxc4 22. axb4 axb4 23. Rd3 bxc3 24. Rxc3 Rxc3+ 25. bxc3 e5 26. Nb5 Bxf3 27. Rg3 e4 28. h4 Be7 29. g5 hxg5 30. hxg5 Rh1+ 31. Kb2 Kd7 32. c4 Bb4 33. g6 f6 34. c5 Be1 35. Rg1 Rxg1 36. Bxg1 Bh5 0-1